Länder nach teilweisem Satellitenbild #1 - Statistiken

Allgemein
  • Dieses Quiz wurde 192 mal gespielt
  • Das Durchschnittsergebnis liegt bei 10 aus 15
Antwortstatistiken
Bildquiz Antwort % Korrekt
Italien
98%
Zypern
95%
Kuba
87%
Frankreich
84%
Griechenland
83%
Taiwan
83%
Türkei
82%
Deutschland
79%
Philippinen
76%
Madagaskar
62%
Indonesien
61%
Kanada
45%
Russland
39%
Panama
33%
Irak
30%
Keine übereinstimmenden Quizze gefunden
Verteilung der Resultate
Anzahl Personen mit jedem Resultat
Perzentil nach korrekt beantworteten Fragen
Ihre Resultats-Entwicklung
Sie haben dieses Quiz noch nicht gespielt